| 000 | 004470000a22001810004500 | ||
|---|---|---|---|
| 003 | MACL | ||
| 005 | 20151025105635.0 | ||
| 008 | 151025b xxu||||| |||| 00| 0 eng d | ||
| 040 |
_aMACL _cMACL |
||
| 041 | _aEnglish | ||
| 082 | _a922/PUR | ||
| 100 |
_aPurani, A B _916555 |
||
| 245 | _aThe Life of Sri Aurobindo | ||
| 260 |
_bSri Aurobindo Ashram Trust _c1987 _aPondicherry |
||
| 350 | _a60 | ||
| 650 |
_aBiography _916556 |
||
| 942 |
_cBK _k922 _2ddc |
||
| 999 |
_c6456 _d6456 |
||